HSV Pflichtspieltore 2025 - Statistiken

Allgemein
  • Dieses Quiz wurde 82 mal gespielt
  • Das Durchschnittsergebnis liegt bei 13 aus 19
Antwortstatistiken
Tore Spieler % Korrekt
5 Robert Glatzel
98%
12 Davie Selke
94%
9 Ransford Königsdörffer
91%
1 Miro Muheim
86%
6 Jean-Luc Dompé
84%
2 Luka Vuskovic
78%
2 Ludovit Reis
75%
4 Albert Sambi Lokonga
70%
1 Otto Stange
69%
1 Fabio Vieira
67%
4 Rayan Philippe
63%
1 Bakery Jatta
59%
1 Daniel Elfadli
59%
1 Yussuf Poulsen
59%
1 Fabio Balde
53%
3 Emir Sahiti
52%
1 Adam Karabec
42%
1 Guilherme Ramos
39%
1 Silvan Hefti
25%
Keine übereinstimmenden Quizze gefunden
Verteilung der Resultate
Anzahl Personen mit jedem Resultat
Perzentil nach korrekt beantworteten Fragen
Ihre Resultats-Entwicklung
Sie haben dieses Quiz noch nicht gespielt